书目信息 |
| 题名: |
走进西亚
|
|
| 作者: | 亨德森 , 埃斯金 著 | |
| 分册: | ||
| 出版信息: | 外语教研 2007.05 |
|
| 页数: | 120页 | |
| 开本: | 24cm | |
| 丛书名: | ||
| 单 册: | ||
| 中图分类: | K937-49 | |
| 科图分类: | ||
| 主题词: | 地理 | |
| 电子资源: | ||
| ISBN: | 978-7-5600-6488-8 | |
| 000 | 00660nam0 2200241 45 | |
| 001 | 0932668345 | |
| 005 | 20091014090611.45 | |
| 010 | @a978-7-5600-6488-8@dCNY20.00 | |
| 100 | @a20090515d2007 ekmy0 y0120 ea | |
| 102 | @aCN@b130000 | |
| 102 | @aCN@b110000 | |
| 105 | @ay z 000yy | |
| 200 | 1 | @a走进西亚@f(美)亨德森,埃斯金著@F(mei)heng de sen,ai si jin zhu |
| 210 | @c外语教研@d2007.05 | |
| 210 | @a北京@c外语教学与研究出版社 | |
| 215 | @a120页@d24cm | |
| 606 | 0 | @a地理 |
| 690 | @aK937-49@v4 | |
| 701 | 0 | @a亨德森@Aheng de sen@4著 |
| 701 | 0 | @a埃斯金@Aai si jin@4著 |
| 801 | 0 | @aCN@c20091014 |
| 905 | @a10447@dK937-49@eA290 | |
| 906 | @d20@n3@r1 | |
| 走进西亚/(美)亨德森,埃斯金著.-外语教研,2007.05.-北京:外语教学与研究出版社 |
| 120页;24cm |
| ISBN 978-7-5600-6488-8:CNY20.00 |
| ● |
| 相关链接 |
|
|
|
正题名:走进西亚
索取号:K937-49/A290
 
预约/预借
| 序号 | 登录号 | 条形码 | 馆藏地/架位号 | 状态 | 备注 |
| 1 | 893227 | 208932271 | 社科库309/309社科库 26排4列2层/ [索取号:K937-49/A290] | 在馆 | |
| 2 | 893228 | 208932280 | 社科库309/309社科库 26排4列2层/ [索取号:K937-49/A290] | 在馆 | |
| 3 | 893229 | 208932299 | 社科库309/309社科库 26排4列2层/ [索取号:K937-49/A290] | 在馆 |